| 000 | 00584nam a2200169 a 4500 | ||
|---|---|---|---|
| 001 | 000038829 | ||
| 005 | 20201002031403.0 | ||
| 008 | 130426s2007 dr 000 0 spa d | ||
| 040 |
_aDO-SdBNP _bspa _cBNPHU |
||
| 100 | 1 |
_aGuillermo, Edgar _918632 |
|
| 245 | 1 | 0 |
_aCompendio de administración : _bteoría y práctica / _cEdgar Guillermo, Eleido Rodríguez, Willian Rodríguez. |
| 260 |
_aSanto Domingo : _bEditora de Colores, _c2007. |
||
| 300 |
_a211 p. ; _c22 cm. |
||
| 504 | _aBibliografía : p. 209-211 | ||
| 700 | 1 |
_aRodrígiez, Eleido _965119 |
|
| 700 | 1 |
_aRodríguez, Willian _965120 |
|
| 999 |
_c38319 _d38319 |
||